000 01816nam a22003614a 4500
001 ebr10115160
003 CaPaEBR
006 m u
007 cr cn|||||||||
008 050124s2005 nyu sb 001 0 eng
010 _z 2005001040
020 _z159332071X (alk. paper)
040 _aCaPaEBR
_cCaPaEBR
035 _a(OCoLC)64394479
043 _an-us---
050 1 4 _aKF9065
_b.U24 2005eb
082 0 4 _a353.4/2293
_222
100 1 _aUbertaccio, Peter N.,
_d1972-
245 1 0 _aLearned in the law and politics
_h[electronic resource] :
_bthe Office of the Solicitor General and executive power /
_cPeter N. Ubertaccio III.
260 _aNew York :
_bLFB Scholarly Pub.,
_c2005.
300 _ax, 224 p.
490 1 _aAmerican legal institutions
504 _aIncludes bibliographical references (p. 205-221) and index.
505 0 _aThe Solicitor General's Office and American politics -- Politics and justice : the organization of the Office of Solicitor General and the centralization of federal litigation -- Advancing an executive legal agenda : progressives in the Department of Justice -- Defending the New Deal -- Organizing to promote New Deal liberalism -- Conservative legal advocacy.
533 _aElectronic reproduction.
_bPalo Alto, Calif. :
_cebrary,
_d2013.
_nAvailable via World Wide Web.
_nAccess may be limited to ebrary affiliated libraries.
610 1 0 _aUnited States.
_bSolicitor General
_xHistory.
650 0 _aGovernment litigation
_zUnited States
_xHistory.
650 0 _aExecutive power
_zUnited States
_xHistory.
655 7 _aElectronic books.
_2local
710 2 _aebrary, Inc.
830 0 _aAmerican legal institutions.
856 4 0 _uhttp://site.ebrary.com/lib/rucke/Doc?id=10115160
_zAn electronic book accessible through the World Wide Web; click to view
999 _c103505
_d103505